Welcome to the Holygrace Academy Library

Please use search bar below to get started

SIET KERALA (Record no. 7926)

MARC details
000 -LEADER
fixed length control field 00259nam a22001097a 4500
082 ## - DEWEY DECIMAL CLASSIFICATION NUMBER
Classification number 300
Item number SIE/G
100 ## - MAIN ENTRY--AUTHOR NAME
Personal name STATE INSTITUTE OF EDUCATIONAL TECHNOLOGY
245 ## - TITLE STATEMENT
Title SIET KERALA
Remainder of title GEOGRAPHY
260 ## - PUBLICATION, DISTRIBUTION, ETC. (IMPRINT)
Place of publication NEW DELHI
Name of publisher GOVT. OF KERALA
300 ## - PHYSICAL DESCRIPTION
Other physical details VCD
942 ## - ADDED ENTRY ELEMENTS (KOHA)
Koha item type Books
Holdings
Withdrawn status Lost status Collection code Home library Current library Shelving location Date acquired Source of acquisition Cost, normal purchase price Full call number Accession Number Koha item type
    Reference Main Library Main Library Audio Visual 25/04/2006 Purchase 200.00 300 SIE/G 02621 Books
    Reference Main Library Main Library Audio Visual 25/04/2006 Purchase 200.00 300 SIE/G 02620 Visual Materials